Billboard Top 100 2014 - Statistics

General Stats
  • This quiz has been taken 82 times
  • The average score is 44 of 100
Answer Stats
Number Artist Song % Correct
1 Pharrell Williams Happy
98%
3 John Legend All Of Me
92%
2 Katy Perry ft Juicy J Dark Horse
89%
11 Pitbull ft Ke$ha Timber
89%
20 Lorde Royals
88%
7 MAGIC! Rude
86%
5 OneRepublic Counting Stars
85%
4 Iggy Azalea ft Charli XCX Fancy
83%
8 Meghan Trainor All About That Bass
82%
25 Sia Chandelier
80%
27 Jessie J, Ariana Grande, & Nicki Minaj Bang Bang
79%
22 Avicii Wake Me Up!
79%
12 Bastille Pompeii
77%
9 Ariana Grande ft Iggy Azalea Problem
77%
21 Idina Menzel Let It Go
74%
13 Taylor Swift Shake It Off
74%
10 Sam Smith Stay With Me
73%
39 Ellie Goulding Burn
71%
19 Passenger Let Her Go
71%
41 Clean Bandit ft Jess Glynne Rather Be
70%
46 Katy Perry Roar
70%
44 Miley Cyrus Wrecking Ball
65%
83 Robin Thicke ft T.I. + Pharrell Blurred Lines
64%
33 Calvin Harris Summer
64%
6 Jason Derulo ft 2 Chainz Talk Dirty
64%
37 Ariana Grande ft Zedd Break Free
62%
57 Imagine Dragons Radioactive
62%
14 Nico & Vinz Am I Wrong
61%
16 Eminem ft Rihanna Monster
61%
62 Maroon 5 Animals
58%
71 Martin Garrix Animals
58%
34 Charli XCX Boom Clap
58%
26 Iggy Azalea ft Rita Ora Black Widow
56%
85 Shakira ft Rihanna Can't Remember To Forget You
53%
23 Imagine Dragons Demons
53%
52 Ed Sheeran Don't
53%
32 Tove Lo Habits (Stay High)
53%
50 MKTO Classic
52%
28 Disclosure ft Sam Smith Latch
52%
17 A Great Big World ft Christina Aguilera Say Something
52%
69 Becky G Shower
52%
35 Beyonce ft Jay-Z Drunk In Love
50%
40 Jason Derulo ft Snoop Dogg Wiggle
48%
36 Nicki Minaj Anaconda
47%
93 5 Seconds Of Summer She Looks So Perfect
47%
18 Lorde Team
47%
15 DJ Snake & Lil Jon Turn Down For What
47%
29 Maroon 5 Maps
45%
60 Avicii Hey Brother
44%
31 American Authors Best Day Of My Life
41%
74 Sara Bareilles Brave
41%
82 Naughty Boy ft Sam Smith La La La
41%
75 The Neighbourhood Sweater Weather
41%
51 Coldplay A Sky Full Of Stars
39%
38 Enrique Iglesias ft Descemer Bueno & Gente De Zona Bailando
39%
56 Ed Sheeran Sing
39%
24 One Direction Story Of My Life
39%
59 Echosmith Cool Kids
38%
48 Aloe Blacc The Man
38%
61 Jason Derulo Trumpets
36%
84 Lady Gaga ft R. Kelly Do What U Want
35%
70 Rixton Me And My Broken Heart
35%
90 Mike WiLL Made-It ft Miley Cyrus, Wiz Khalifa, & Juicy J 23
33%
47 Paramore Ain't It Fun
33%
80 Katy Perry Birthday
30%
78 Michael Jackson & Justin Timberlake Love Never Felt So Good
30%
55 Drake ft Majid Jordan Hold On, We're Going Home
27%
30 Chris Brown ft Lil Wayne & French Montana Or Too $hort Or Tyga Loyal
27%
86 5 Seconds Of Summer Amnesia
26%
42 Jeremih ft YG Don't Tell 'Em
26%
94 Zedd ft Hayley Williams Stay The Night
26%
65 Tinashe ft ScHoolboy Q 2 On
24%
100 Miley Cyrus Adore You
23%
54 Bobby Shmurda Hot Boy
20%
95 Beyonce Partition
20%
67 OneRepublic Love Runs Out
17%
73 Kenny Chesney American Kids
15%
81 Lady Antebellum Bartender
15%
68 Brantley Gilbert Bottoms Up
15%
45 Justin Timberlake Not A Bad Thing
15%
43 Kid Ink ft Chris Brown Show Me
15%
89 Lil Wayne ft Drake Believe Me
14%
88 KONGOS Come With Me Now
14%
66 Florida Georgia Line Dirt
14%
77 Chris Brown ft Usher & Rick Ross New Flame
14%
87 T.I. ft Iggy Azalea No Mediocre
14%
64 Luke Bryan Play It Again
14%
99 Miranda Lambert Duet With Carrie Underwood Somethin' Bad
14%
96 ScHoolboy Q ft BJ The Chicago Kid Studio
14%
92 Macklemore & Ryan Lewis ft ScHoolboy Q & Hollis White Walls
14%
63 Jason Aldean Burnin' It Down
12%
79 Dierks Bentley Drunk On A Plane
12%
98 Lee Brice I Don't Dance
12%
76 Sam Hunt Leave The Night On
12%
72 Rich Gang ft Young Thug & Rich Homie Quan Lifestyle
12%
53 Trey Songz Na Na
12%
49 Florida Georgia Line This Is How We Roll
12%
97 Drake 0 To 100 / The Catch Up
11%
58 YG ft Jeezy & Rich Homie Quan My Hitta
11%
91 Jake Owen Bleachin'
6%
No matching quizzes found
Score Distribution
Percent of People with Each Score
Percentile by Number Answered
Your Score History
You have not taken this quiz